| 000 | 01080nam a22003015i 4500 | ||
|---|---|---|---|
| 999 |
_c27699 _d27670 |
||
| 003 | EG-ScBUE | ||
| 005 | 20191022121313.0 | ||
| 008 | 191022s2013 ua f b 000 0 ara d | ||
| 017 | _a2013 / 4721 | ||
| 020 | _a9789776210400 | ||
| 040 |
_aEG-ScBUE _bara _erda _cEG-ScBUE _dEG-ScBUE |
||
| 082 | 0 | 4 |
_a327 _bس ل ي _222 |
| 100 | 1 |
_aسليم، محمد السيد، _eمؤلف. |
|
| 245 | 1 | 0 |
_aتحليل السياسة الخارجية / _cد. محمد السيد سليم. |
| 250 | _aالطبعة الثالثة. | ||
| 264 | 1 |
_aالقاهرة : _bمكتبة النهضة المصرية، _c2013. |
|
| 300 |
_a455 صفحة ؛ _c24 سم |
||
| 336 |
_2rdacontent _aنص _btxt |
||
| 337 |
_2rdamedia _aبدون وسيط _bn |
||
| 338 |
_2rdacarrier _aمجلد _bnc |
||
| 504 | _aيشتمل على إرجاعات ببليوجرافية. | ||
| 541 |
_aDr. Gamal Selim ; _cDonation ; |
||
| 650 | 7 |
_aالسياسة الدولية. _2BUEsh |
|
| 650 | 7 |
_aالعلاقات الخارجية. _2BUEsh |
|
| 651 | _2BUEsh | ||
| 653 |
_bBUSBOL _bMASPPSS _cOctober2019 |
||
| 942 | _2ddc | ||